000 00289nam a22001337a 4500
003 SGT
082 _a658.3,ASI
100 _aASIA LAW HOUSE
245 _aEMPLOYEES PROVIDENT FUNDS
260 _aHYDERABAD
_bASIA LAW HOUSE
_c2010
300 _a434
650 _aLAW BOOKS
942 _2ddc
_cBK
999 _c10165
_d10165